000 00596nam a2200217 a 4500
001 BRL_771
005 20190320210905.0
008 021015s1945----mx-a######---#000-0#spa-#
041 _aspa
044 _amx
050 4 _aTX716.M6
_b.S25 1945
100 1 _aSalazar Monroy, Melitón
_924892
245 1 0 _aLa tipica cocina poblana y los guisos de sus religiosas
_cSalazar Monroy.
260 _aPuebla, Pue.
_bImpresos López
_c1945
300 _a46 p.
_bil.
_c23 cm.
500 _aAu774
650 1 4 _aCocina mexicana
_924893
650 1 4 _aCocina poblana
_924894
902 _aGRL
942 _2lcc
_cB
999 _c9583
_d9583